Score 0/20 Timer 04:00
0 Plays Today
Given Name Surname % Correct
Name #3Hunter
68.9%
Name #4Sarah
67.2%
Name #4Jessica Parker
63.9%
Name #1Jennifer
63.3%
Name #1Lopez
61.7%
Name #3Rachel
61.4%
Name #1Garner
60.8%
Name #3Weisz
58.3%
Name #3Bilson
53.7%
Name #3McAdams
42.6%
Given Name Surname % Correct
Name #4Palin
41.5%
Name #4Ferguson
34.9%
Name #1Aniston
34.8%
Name #1Connelly
34.3%
Name #2Kate
18%
Name #2Hudson
14.2%
Name #2Winslet
13.9%
Name #4McLachlan
13.8%
Name #2Beckinsale
12.5%
Name #2Middleton
9.9%
Remove Ads.
Support Sporcle.
Get the best of Sporcle when you Go Orange. This ad-free experience offers more features, more stats, and more fun while also helping to support Sporcle. Thank you for becoming a member.

You're not logged in!

Compare scores with friends on all Sporcle quizzes.
OR
Log In

Show Comments

Extras

Top Quizzes Today


Score Distribution

Your Account Isn't Verified!

In order to create a playlist on Sporcle, you need to verify the email address you used during registration. Go to your Sporcle Settings to finish the process.

Report this User

Report this user for behavior that violates our Community Guidelines.

Details: